000 00177nam a2200073Ia 4500
008 170817s9999 xx 000 0 und d
100 _aTRIPATHI MADHUSUDAN
245 0 _aSHIKSHA ANUSANDHAN
260 _bOMAGA PUB.
999 _c37470
_d37470